000 00473nam a22001577a 4500
999 _c4694
_d4694
003 TZ-ArACH
005 20171115112232.0
020 _a9789048167333
040 _cTZ-ArACH
050 _aHF1413
_b.S66
100 _aSpoor, Max
_eEd.
245 _aGlobalisation, poverty and conflict: a critical 'development' reader
_ba critical 'development' reader /
260 _aDordrecht :
_aBoston :
_aLondon :
_bKluwer Academic
_c2004
300 _axxv, 339 p.
_c24 cm.
942 _2lcc
_cBOOK